[Event "Challenge #01"]
[Site "http://www.queenalice.com/game.php?id=804168"]
[Date "2010.7.16"]
[Round "-"]
[White "Aylton"]
[Black "tomhagen456"]
[Result "1-0"]
[WhiteElo "2017"]
[BlackElo "2174"]

1. d4 Nf6 2. Nf3 d6 3. e3 g6 4. c4 Bg7 5. Nc3 O-O 6. h3 c5 7. Be2 cxd4 8. exd4
d5 9. O-O Nc6 10. Be3 dxc4 11. Bxc4 Na5 12. Be2 Be6 13. b3 Nd5 14. Nxd5 Bxd5 15.
Rc1 Nc6 16. Qd2 Qd7 17. Rfd1 Rfd8 18. Kf1 e6 19. Qb2 Bxf3 20. Bxf3 Nxd4 21. Bxd4
Bxd4 22. Qb1 e5 23. Qe4 Rab8 24. Rc2 f5 25. Qe1 Qe7 26. Rdc1 e4 27. Be2 Qe5 28.
Bc4+ Kg7 29. g3 f4 30. Kg2 Rf8 31. a4 fxg3 32. fxg3 Rf6 33. Re2 1-0

[Event "Challenge #02"]
[Site "http://www.queenalice.com/game.php?id=804169"]
[Date "2010.7.16"]
[Round "-"]
[White "tomhagen456"]
[Black "Aylton"]
[Result "1-0"]
[WhiteElo "2174"]
[BlackElo "1993"]

1. e4 c5 2. Nf3 Nc6 3. d4 cxd4 4. Nxd4 e5 5. Nb5 d6 6. N1c3 a6 7. Na3 b5 8. Nd5
Nge7 9. c4 b4 10. Nc2 a5 11. Bg5 Be6 12. Be2 h6 13. Be3 Rb8 14. O-O f5 15. exf5
Bxf5 16. f4 exf4 17. Bxf4 Bxc2 18. Qxc2 Nxd5 19. Bh5+ Kd7 20. Bg4+ Ke7 21. Qe4+
Ne5 22. Bxe5 dxe5 23. Qxe5# 1-0

[Event "AUTO-MASTER-1030"]
[Site "http://www.queenalice.com/game.php?id=805610"]
[Date "2010.7.19"]
[Round "2"]
[White "deltaboy"]
[Black "tomhagen456"]
[Result "1-0"]
[WhiteElo "2203"]
[BlackElo "2041"]

1. Nf3 c5 2. c4 Nf6 3. g3 Nc6 4. Bg2 g6 5. Nc3 Bg7 6. O-O O-O 7. d4 cxd4 8. Nxd4
Ng4 9. e3 d6 10. Nxc6 bxc6 11. Bxc6 Rb8 12. Qc2 Ne5 13. Bg2 Nxc4 14. e4 Ba6 15.
Rd1 Qc7 16. Nd5 Qd7 17. Nc3 Rfc8 18. f4 Qc6 19. Kh1 Nxb2 20. Bxb2 Rxb2 21. Qxb2
Bxc3 22. Qa3 Bxa1 23. Rxa1 Qc3 24. Qxc3 Rxc3 25. a4 Rc2 26. Kg1 Bb7 27. a5 f5
28. Ra4 Bc6 29. Rb4 Kf7 30. h3 Ra2 31. Bf1 Ra1 32. exf5 1-0

[Event "AUTO-MASTER-1030"]
[Site "http://www.queenalice.com/game.php?id=805611"]
[Date "2010.7.19"]
[Round "2"]
[White "tomhagen456"]
[Black "deltaboy"]
[Result "0-1"]
[WhiteElo "2031"]
[BlackElo "2210"]

1. e4 d5 2. exd5 Qxd5 3. Nc3 Qa5 4. d4 c6 5. Bc4 Nf6 6. Nf3 Bf5 7. Bd2 Qc7 8.
Nh4 Bg4 9. f3 Bc8 10. Qe2 h6 11. f4 Bg4 12. Qe5 Qc8 13. Ne4 Nxe4 14. Qxe4 Bd7
15. O-O b5 16. Bxb5 Qb7 17. Bc4 Na6 18. Nf3 e6 19. Ne5 Nc7 20. f5 exf5 21. Bxf7+
Kd8 22. Rxf5 Qxb2 23. Rff1 Bd6 24. Nc4 Bf5 25. Qxf5 Qxd4+ 0-1

[Event "AUTO-MASTER-1030"]
[Site "http://www.queenalice.com/game.php?id=805614"]
[Date "2010.7.19"]
[Round "2"]
[White "tomhagen456"]
[Black "JDZ"]
[Result "0-1"]
[WhiteElo "2155"]
[BlackElo "2483"]

1. e4 c5 2. Nf3 d6 3. d4 cxd4 4. Nxd4 Nf6 5. Nc3 a6 6. Be2 e5 7. Nb3 Be7 8. Be3
Be6 9. O-O O-O 10. f4 exf4 11. Rxf4 Nc6 12. Nd5 Ne5 13. c3 Nxd5 14. exd5 Bd7 15.
Qd2 Bg5 16. Re4 Bxe3+ 17. Rxe3 f5 18. c4 f4 19. Rc3 Qf6 20. Rf1 Rae8 21. Nd4 Ng4
22. Bxg4 Bxg4 23. Rd3 Re4 24. h3 Bc8 25. a4 Bd7 26. a5 Rfe8 27. b3 h6 28. Qf2 g5
29. Kh2 Bf5 30. Nxf5 Qxf5 31. Qb6 Qe5 32. Rdf3 Re7 33. Qd8+ Kg7 34. Kh1 h5 35.
Qc8 Rf7 36. Qe6 Qxe6 37. dxe6 Rf5 38. Rd3 Rxe6 39. b4 Kf6 40. Rfd1 Ke7 41. Kg1
Rfe5 42. Rd4 h4 43. Kf1 Re4 44. Rd5 Kf6 45. Rc1 Re3 46. Rcd1 Rc3 47. R1d4 Rb3
48. b5 f3 0-1

[Event "AUTO-MASTER-1030"]
[Site "http://www.queenalice.com/game.php?id=805615"]
[Date "2010.7.19"]
[Round "2"]
[White "JDZ"]
[Black "tomhagen456"]
[Result "1-0"]
[WhiteElo "2482"]
[BlackElo "2157"]

1. c4 Nf6 2. Nf3 g6 3. d4 c5 4. Nc3 cxd4 5. Nxd4 Bg7 6. e4 d6 7. Be2 O-O 8. O-O
Nc6 9. Be3 Bd7 10. Qd2 Nxd4 11. Bxd4 Bc6 12. f3 Nd7 13. f4 Bxd4+ 14. Qxd4 Qb6
15. Qxb6 Nxb6 16. Kf2 f5 17. exf5 Rxf5 18. Kg1 Raf8 19. g3 e5 20. Bg4 R5f6 21.
fxe5 Rxf1+ 22. Rxf1 Rxf1+ 23. Kxf1 Kf7 24. b3 dxe5 25. Ke2 Nd7 26. b4 Nb6 27.
Kd3 Ke7 28. Be2 Nd7 29. Ke3 Ke6 30. Ne4 Bxe4 31. Kxe4 Nf6+ 32. Ke3 b6 33. Bf3
Kd6 34. Kd3 Nd7 35. h3 h6 36. a3 Nf6 37. g4 g5 38. Ke3 Nd7 39. Ke4 Ke6 40. Bd1
Nf6+ 41. Ke3 Nd7 42. Bb3 Nf6 43. c5+ Kd7 44. cxb6 axb6 45. a4 Kc7 46. Kf3 Kc6
47. Be6 1-0

[Event "Challenge"]
[Site "http://www.queenalice.com/game.php?id=808897"]
[Date "2010.7.26"]
[Round "-"]
[White "colatina"]
[Black "tomhagen456"]
[Result "0-1"]
[WhiteElo "1766"]
[BlackElo "2196"]

1. d4 Nf6 2. c4 e6 3. Nc3 c5 4. Bg5 cxd4 5. Qxd4 Nc6 6. Qh4 Be7 7. e4 O-O 8.
O-O-O h6 9. Bxf6 Bxf6 10. Qh3 Qa5 11. a3 d5 12. b4 Qxa3+ 13. Kd2 Qb2+ 14. Ke1
Bxc3+ 0-1

[Event "Challenge"]
[Site "http://www.queenalice.com/game.php?id=812950"]
[Date "2010.8.4"]
[Round "-"]
[White "colatina"]
[Black "tomhagen456"]
[Result "1-0"]
[WhiteElo "1738"]
[BlackElo "2197"]

1. e4 c5 2. Nf3 d6 3. d4 cxd4 4. Nxd4 Nf6 5. Nc3 a6 6. Bg5 e6 7. f4 Be7 8. e5
dxe5 9. fxe5 Nfd7 10. Bxe7 Qxe7 11. Qg4 O-O 12. O-O-O Nxe5 13. Qe4 Nbc6 14. Nxc6
Nxc6 15. Qe3 b5 16. Bd3 Bb7 17. Qh3 h6 18. Rde1 Rac8 19. Re3 Nb4 20. Be4 Bxe4
21. Rxe4 1-0

[Event "Challenge"]
[Site "http://www.queenalice.com/game.php?id=819761"]
[Date "2010.8.18"]
[Round "-"]
[White "amarkin"]
[Black "tomhagen456"]
[Result "1-0"]
[WhiteElo "2348"]
[BlackElo "2181"]

1. e4 c5 2. Nf3 d6 3. d4 cxd4 4. Nxd4 Nf6 5. Nc3 a6 6. h3 e5 7. Nde2 Be7 8. g4
O-O 9. Bg2 Nbd7 10. g5 Ne8 11. h4 Nc7 12. Ng3 Nb6 13. Qd3 Be6 14. Nf5 Re8 15.
Be3 Nc4 16. Bc1 1-0

[Event "Challenge"]
[Site "http://www.queenalice.com/game.php?id=819762"]
[Date "2010.8.18"]
[Round "-"]
[White "tomhagen456"]
[Black "amarkin"]
[Result "0-1"]
[WhiteElo "2153"]
[BlackElo "2447"]

1. e4 c5 2. Nf3 d6 3. d4 cxd4 4. Nxd4 Nf6 5. Nc3 g6 6. Bg5 Bg7 7. Qd2 Nc6 8.
Nxc6 bxc6 9. Be2 Rb8 10. Rb1 O-O 11. O-O Be6 12. a4 Re8 13. b4 Ng4 14. Bxg4 Bxg4
15. Bh6 Bh8 16. Ne2 Qc8 17. Qd3 d5 18. Ng3 Qc7 19. Qe3 d4 20. Qd2 e5 21. f4 exf4
22. Bxf4 Be5 23. Bxe5 Qxe5 0-1